01018nam a22002417a 450000100040000000500170000400800410002102000180006204000330008005000110011308200110012410000170013524501600015226000350031230000410034749000240038850500080041252002390042052100200065952100200067965000420069965000350074175820230731080929.0230706b cb ||||| |||| 00| 0 eng d a9780439978064 aFISKH beng cFISKH dFISKH  aPN6166 a793.73 aPilkey, Dav  aThe all new captain underpants Extra crunchy book o' fun 2 : bComics, laffs, puzzles, stickers, flip-o-ramas, jokes, 'n' other cool stuff / cPilkey, Dav aLondon : bScholastic, c2002. a96 pages : billustrations, c20 cm. aCaptain underpants  aO  aLearn how to draw your favorite characters, tell cheesy jokes, and even make your own silly Captain Underpants story. Also includes a new comic-book adventure starring Captain Underpants, Super Diaper Baby, and the amazing Diaper Dog. a630 bLexile  aO bRaz-Plus  aAdventurevactivities xgraphic novel acomedyvfictionxgraphic novel